Introducción a la nueva genética /
Guardado en:
| Autor Principal: | |
|---|---|
| Otros Autores: | |
| Formato: | Libro |
| Publicado: |
Buenos Aires :
Eudeba,
1973
|
| Edición: | 2a. ed. |
| Materias: | |
| Etiquetas: |
Agregar Etiqueta
Sin Etiquetas, Sea el primero en etiquetar este registro!
|
| LEADER | 01283nam a22002895a 4500 | ||
|---|---|---|---|
| 001 | CEM.cems000905 | ||
| 008 | 130507s1973##################000#0#####d | ||
| 005 | 20240815080355.0 | ||
| 245 | 1 | 0 | |a Introducción a la nueva genética / |c George W Beadle y Muriel Beadle. |
| 250 | |a 2a. ed. | ||
| 260 | |a Buenos Aires : |b Eudeba, |c 1973 | ||
| 300 | |a 282 p. | ||
| 505 | 0 | |a Leyes de Mendel.-Teor¡a cromosómica de la herencia: cromosomas, mitosis, meiosis.-Patrimonio hereditario y modalidades de manifentación: polialelismo; isoalelismo; pseudoalelismo; genes y caracteres fenot¡picos; mutaciones letales; determinismo genético del sexo. | |
| 100 | 1 | |a Beadle, George W | |
| 700 | 1 | |a Beadle, Muriel | |
| 082 | 0 | 4 | |a 575.1 |
| 653 | |a Adn | ||
| 653 | |a Evolucion | ||
| 653 | |a Evolucion humana | ||
| 653 | |a Genetica | ||
| 653 | |a Hombre-evolucion | ||
| 859 | |a CEMS |b BIB. CEMS - 11 de abril |h 575.1 |i B358a2 |p 2949.74 |t Ej.1 | ||
| 859 | |a CEMS |b BIB. CEMS - Agricultura |h 575.1 |i B358a2 |p A11500.82 |t Ej.1 | ||
| 859 | |a CEMS |b BIB. CEMS - Agricultura |h 575.1 |i B358a2 |p A2950.74 |t Ej.2 | ||
| 859 | |a CEMS |b BIB. CEMS - 11 de abril |h 575.1 |i B358a2 |p 2951.74 |t Ej.3 | ||
| 859 | |a CEMS |b BIB. CEMS - Agricultura |h 575.1 |i B358a2 |p A2952.74 |t Ej.4 | ||
| 859 | |a CEMS |b BIB. CEMS - 11 de abril |h 575.1 |i B358a2 |p 2953.74 |t Ej.5 | ||
